Statistics for Philosophers By Works

Click here to take the quiz!

General Stats

  • This quiz has been taken 1,141 times
  • The average score is 12 of 40

Answer Stats

HintAnswer% Correct
The RepublicPlato
94%
Critique of Pure ReasonImmanuel Kant
70%
CapitalKarl Marx/Friedrich Engels
69%
LeviathanThomas Hobbes
68%
Thus Spake ZarathustraFriedrich Nietzsche
58%
CandideVoltaire
57%
Nicomachean EthicsAristotle
55%
The Social ContractJean-Jacques Rousseau
47%
The Second SexSimone de Beauvoir
45%
Tao Te ChingLaozi
42%
Being and NothingnessJean-Paul Sartre
41%
Phenomenology of Mind/SpiritG. W. F. Hegel
40%
An Essay Concerning Human UnderstandingJohn Locke
40%
Being and TimeMartin Heidegger
39%
Meditations on First PhilosophyRené Descartes
39%
An Enquiry Concerning Human UnderstandingDavid Hume
38%
Tractatus Logico-PhilosophicusLudwig Wittgenstein
38%
City of GodSt. Augustine of Hippo
38%
The World as Will and RepresentationArthur Schopenhauer
30%
Fear and TremblingSören Kierkegaard
28%
PenséesBlaise Pascal
22%
EssaysMichel de Montaigne
22%
Of GrammatologyJacques Derrida
19%
Consolation of PhilosophyBoethius
17%
Gender TroubleJudith Butler
15%
The Logic of Scientific DiscoveryKarl Popper
14%
Dialectic of EnlightenmentTheodor W. Adorno/Max Horkheimer
14%
The Varieties of Religious ExperienceWilliam James
13%
EnneadsPlotinus
12%
A Thousand PlateausGilles Deleuze/Felix Guattari
11%
Democracy and EducationJohn Dewey
11%
The Work of Art in the Age of Mechanical ReproductionWalter Benjamin
10%
The Order of ThingsMichel Foucault
9%
Truth and MethodHans-Georg Gadamer
8%
Matter and MemoryHenri Bergson
4%
Less Than NothingSlavoj Zizek
4%
Representative MenRalph Waldo Emerson
2%
Philosophical Inquiries into the Essence of Human FreedomF. W. J. Schelling
1%
On Heroic FrenziesGiordano Bruno
1%
Pollen FragmentsNovalis
1%

Score Distribution

Percentile by Number Answered

Percent of People with Each Score

Your Score History

You have not taken this quiz